00301pam a2200145a 44500008004100000020000900041041001200050082001100062100001300073245002800086250000600114260001800120300000800138650000900146230515b2007 xxu||||| |||| 00| 0 eng d aNULL aENGLISH a610.73 aP N BCHL aPRACTICE OF DERMATOLOGY a0 abC B Sc2007 a500 aNULL